| 000 | 00919nas1a22002771i 4500 | ||
|---|---|---|---|
| 001 | RU\NLR\Per\573732 | ||
| 005 | 20240921093700.0 | ||
| 035 | _a(NLR Aleph) 002816493 | ||
| 090 |
_a2716586 _c2716586 |
||
| 100 | _a20081022a200 9999|||y0rusy50 ca | ||
| 101 | 0 | _arus | |
| 102 | _aRU | ||
| 110 | _azu||||||||| | ||
| 200 | 1 |
_aЭльбрусоид _eдайджест |
|
| 210 |
_aМосква _c[б.и.] _d2006 - |
||
| 300 | _aЗагл. обл.: www.elbrusoid.org | ||
| 512 | 1 | _awww.elbrusoid.org | |
| 606 | 1 |
_aКарачаевцы _jПериодические издания _xИстория _92055488 _3RU\NLR\AUTH\661232598 |
|
| 606 | 1 |
_aБалкарцы _jПериодические издания _xИстория _91078497 _3RU\NLR\AUTH\66102392 |
|
| 686 | 1 | _aТ3(2Р37)я54 | |
| 801 | 0 |
_aRU _bNLR _gPSBO |
|
| 801 | 1 |
_aRU _bNLR _c20081022 _2rusmarc |
|
| 852 |
_aNLR _jП23/7103 |
||
| 942 | _cSE | ||
| 980 | _aRUSPER | ||